Countries with the Most Coffee Consumption per Capita - Statistics

General Stats
  • This quiz has been taken 6 times
  • The average score is 3 of 9
Answer Stats
Hint Answer % Correct
38.9 lbs Estonia
67%
36.9 lbs Lithuania
67%
56.1 lbs Belize
50%
48.8 lbs Luxembourg
33%
31.7 lbs Bosnia and Herzegovina
17%
44.4 lbs Laos
17%
48 lbs Maldives
17%
49 lbs MarshallIslands
17%
114.6 lbs Central African Republic
0%
No matching quizzes found
Score Distribution
Percent of People with Each Score
Percentile by Number Answered
Your Score History
You have not taken this quiz